Statistics for Football teams made before 1900

Click here to take the quiz!

General Stats

  • This quiz has been taken 8 times
  • The average score is 40 of 80

Answer Stats

HintAnswer% Correct
EnglandArsenal
100%
EnglandBlackburn Rovers
100%
EnglandBlackpool
100%
EnglandBolton
100%
EnglandBurnley
100%
EnglandEverton
100%
EnglandLiverpool
100%
EnglandNewcastle
100%
EnglandWest Ham
100%
EnglandAston Villa
86%
EnglandBirmingham City
86%
EnglandBristol City
86%
EnglandDerby County
86%
EnglandFulham
86%
EnglandManchester City
86%
EnglandManchester United
86%
EnglandMiddlesbrough
86%
EnglandSheffield United
86%
EnglandSheffield Wednesday
86%
EnglandSouthampton
86%
EnglandStoke City
86%
EnglandSunderland
86%
EnglandWest Brom
86%
EnglandWolves
86%
SpainBarcelona
71%
WalesCardiff City
71%
EnglandCrystal Palace
71%
EnglandLeicester City
71%
EnglandBrentford
57%
ScotlandCeltic
57%
GermanyHamburg
57%
EnglandIpswich Town
57%
ItalyJuventus
57%
EnglandNotts County
57%
EnglandPreston
57%
ScotlandRangers
57%
EnglandSpurs
57%
EnglandWatford
57%
EnglandAccrington Stanley
43%
ScotlandDundee
43%
HungaryFerencváros
43%
GermanyHertha Berlin
43%
ScotlandHibernian
43%
EnglandOxford United
43%
EnglandQPR
43%
SpainSevilla
43%
IrelandShamrock Rovers
43%
WalesWrexham
43%
ItalyAC Milan
29%
EnglandBarnsley
29%
IrelandBohemian
29%
BelgiumClub Brugge
29%
ItalyGenoa
29%
GermanyHannover
29%
ScotlandKilmarnock
29%
EnglandLincoln
29%
EnglandLuton
29%
BelgiumStandard Liege
29%
EnglandSwindon
29%
ItalyUdinese
29%
GermanyWerder Bremen
29%
Germany1860 Munich
14%
BelgiumCercle Brugge
14%
SwitzerlandFC Basel
14%
EnglandLeyton Orient
14%
EnglandMillwall
14%
ScotlandMotherwell
14%
EnglandNorthampton
14%
EnglandOldham
14%
BelgiumRoyal Antwerp
14%
ScotlandSt Johnstone
14%
ScotlandSt Mirren
14%
EnglandWalsall
14%
SwitzerlandFC St Gallen
0%
SwedenHalmstads
0%
SwitzerlandLausanne Sport
0%
FranceOM
0%
ScotlandPartick Thistle
0%
EnglandReading FC
0%
GermanyViktoria
0%

Score Distribution

Percentile by Number Answered

Percent of People with Each Score

Your Score History

You have not taken this quiz